| 000 -ლიდერი |
| ფიქსირებული სიგრძის საკონტროლო ველი |
01536nam a22002057a 4500 |
| 003 - საკონტროლო ნომრის იდენტიფიკატორი |
| საკონტროლო ველი |
Ge_BSU |
| 005 - ბოლო ოპერაციის თარიღი და დრო |
| საკონტროლო ველი |
20260424115648.0 |
| 008 - ფიქსირებული სიგრძის მონაცემთა ელემენტები - ზოგადი ინფორმაცია |
| ფიქსირებული სიგრძის საკონტროლო ველი |
260424s1953 ge ||||| |||| 00| 0 geo d |
| 041 ## - ენის კოდი |
| Language code of text/sound track or separate title |
geo |
| 080 ## - უნივერსალური ათობითი კლასიფიკაციის ინდექსი |
| Universal Decimal Classification number |
339.142(47+57) : 658.6/9(47+57) მ-74 |
| 100 ## - მთავარი ჩანაწერი - პიროვნების სახელი |
| Personal name |
მიქოიანი, ა.ი. |
| 9 (RLIN) |
27371 |
| 245 ## - ცნობა სათაურის შესახებ |
| Title |
საქონელბრუნვის შემდგომი განვითარებისა და სახელმწიფო, კოოპერაციული და საკოლმეურნეო ვაჭრობის ორგანიზაციის გაუმჯობესების ღონისძიებათა შესახებ : |
| Remainder of title |
მოხსენება და დასკვნითი სიტყვა ვაჭრობის მუშაკთა სრ. საკ. თათბირზე 1953 წლის 17-20 ოქტომბერს / |
| Statement of responsibility, etc |
ა.ი. მიქოიანი. |
| 264 ## - წარმოების, გამოცემის, დისტრიბუციის და სხვა ცნობები |
| გამოცემის, წარმოების, დისტრიბუციის... ადგილი |
თბილისი : |
| გამოცემის, წარმოების, დისტრიბუციის... სახელწოდება |
სახელგამი, |
| გამოცემის, წარმოების, დისტრიბუციის... თარიღი |
1953. |
| 300 ## - ფიზიკური აღწერა |
| Extent |
91 გვ. ; |
| Other physical details |
21 სმ. |
| 653 ## - INDEX TERM--UNCONTROLLED |
| Uncontrolled term |
საქონელბრუნვა |
| 653 ## - INDEX TERM--UNCONTROLLED |
| Uncontrolled term |
სახელმწიფო ვაჭრობა საბჭოთა კავშირში |
| 653 ## - INDEX TERM--UNCONTROLLED |
| Uncontrolled term |
კოოპერაციული ვაჭრობა საბჭოთა კავშირში |
| 653 ## - INDEX TERM--UNCONTROLLED |
| Uncontrolled term |
საკოლმეურნეო ვაჭრობა საბჭოთა კავშირში |
| 942 ## - ADDED ENTRY ELEMENTS (KOHA) |
| Source of classification or shelving scheme |
|
| Koha item type |
წიგნი |